MARC Record
Leader
003
BE-GnUNI
007
't'u
035
a| (MSK)314001082
245
0
0
a| Himeji City Museum of Art.
546
a| Engels
500
a| Tijdschriften
852
4
b| MSK
c| MSK
j| II.JAP.4
920
a| tijdschrift
001
000045208
005
20241224121706.0